Malé dějiny sportu : Aneb o sportech našich předků

Enregistré dans:
Détails bibliographiques
Auteur principal: Sommer, Jiří (Auteur)
Format: Livre
Langue:tchèque
Publié: Olomouc : Fontána, 2003
Édition:1. vyd
Sujets:
Tags: Ajouter un tag
Pas de tags, Soyez le premier à ajouter un tag!

MARC

LEADER 00000nam a22000003a 4500
001 stu88039
005 20150617225630.6
008 040616s2003----xr------------------cze-d
020 |a 80-7336-116-7 
040 |a STU  |b slo 
041 0 |a cze 
044 |a xr 
080 |a 796 
100 1 |a Sommer, Jiří  |4 aut 
245 1 |a Malé dějiny sportu :  |b Aneb o sportech našich předků 
250 |a 1. vyd 
260 |a Olomouc :  |b Fontána,  |c 2003 
300 |a 273 s 
650 7 |a šport  |2 stusub 
996 |b 284M057766  |c M*11437-1  |l MMKN  |s A  |a 24  |w stu88039_0001